Knowledge and Skills of Professional Communication as the Employability Support Factor

Salvato in:
Dettagli Bibliografici
Autore principale: Matulčíková, Marta, 1964-
Altri autori: Breveníková, Daniela
Natura: Capitolo di libro
Lingua:inglese
Soggetti:
Tags: Aggiungi Tag
Nessun Tag, puoi essere il primo ad aggiungerne!!

MARC

LEADER 00000nla a2200000 4500
001 0200781
005 20240612090314.2
041 0 |a eng 
044 |a PT 
245 1 0 |a Knowledge and Skills of Professional Communication as the Employability Support Factor  |c Marta Matulčíková, Daniela Breveníková 
610 2 0 |a komunikácia 
610 2 0 |a kompetencie komunikačné 
610 2 0 |a schopnosti pracovné 
610 2 0 |a zručnosti 
610 2 0 |a zamestnateľnosť 
610 2 0 |a vzdelávanie 
610 2 0 |a kariéra 
100 1 |a Matulčíková, Marta, 1964- 
700 1 |a Breveníková, Daniela